Statystyki dla Pięć najzimniejszych państw według kontynentów

Kliknij tutaj aby rozwiązać quiz!

Ogólne statystyki

  • Ten quiz został rozwiązany 160 razy
  • Średni wynik to 21 z 29

Statystyki odpowiedzi

Kontynent° CPaństwo% Poprawnych
Azja | Europa-3.8Rosja
98%
Europa2.6Finlandia
96%
Ameryka Północna-4.5Kanada
96%
Europa2.7Norwegia
96%
Ameryka Północna9.3Stany Zjednoczone
96%
Ameryka Północna21.8Meksyk
94%
Europa3.4Szwecja
94%
Europa2.3Islandia
93%
Ameryka Południowa15.4Argentyna
89%
Oceania22.1Australia
88%
Ameryka Południowa9.3Chile
88%
Oceania11.0Nowa Zelandia
88%
Azja0.8Mongolia
87%
Afryka18.5Republika Południowej Afryki
87%
Ameryka Południowa19.9Peru
83%
Ameryka Południowa18.0Urugwaj
79%
Ameryka Południowa21.4Boliwia
76%
Afryka12.2Lesotho
62%
Oceania25.2Fidżi
60%
Ameryka Północna24.9Honduras
60%
Ameryka Północna24.2Gwatemala
57%
Oceania25.2Papua-Nowa Gwinea
57%
Azja2.6Tadżykistan
51%
Oceania24.8Vanuatu
50%
Azja2.8Kirgistan
48%
Afryka20.2Maroko
45%
Azja5.7Bhutan
43%
Afryka18.5Rwanda
28%
Afryka20.1Burundi
24%

Rozkład punktacji

Percentyl według liczby udzielonych odpowiedzi

Procent ludzi z każdym wynikiem

Twoja historia wyników

Nie rozwiązałeś tego quizu